000 00469nam a22001337a 4500
082 _a340
_bHAY
100 _aHayat, Muhammad Faisal
245 _aCritically Analyzing the Effectiveness of Arbitration as a Dispute Resolution Mechanism in Pakistan /
_cMuhammad Faisal Hayat
260 _aIslamabad :
_bNUST Law School,
_c2025.
300 _a30 p. ;
_c30 CM.
563 _aHBK.
856 _uhttp://10.250.8.41:8080/xmlui/handle/123456789/56161
942 _2ddc
_cPR
999 _c615632
_d615632